000 00778nam a22002417a 4500
003 URS
005 20250828100515.0
008 250327b ||||| |||| 00| 0 eng d
040 _cURS
050 _aHG4529.5
_b.C869 2013
100 _911781
_aCrowder, Garry B.
245 _aPostmodern Investment
_bFacts and Fallacies of Growing Wealth in a Multi-asset World
264 _aHoboken, N.J.
_bJohn Wiley & Sons
_c©2013
336 _2rdacontent
_atext
337 _2rdamedia
_aunmediated
338 _2rdacarrier
_avolume
650 0 _92142
_aInvestments
650 0 _911780
_aPortfolio Management
650 0 _911782
_aBUSINESS & ECONOMICS
_xInvestments & Securities -- General.
700 _911783
_aSchneeweis, Thomas
700 _911784
_aKazemi, Hossein
942 _2lcc
_cCR
999 _c85055
_d85053